书目信息 |
| 题名: |
景观建筑生态设计与施工
|
|
| 作者: | ;田华, , 朱一荣, , 田华 译 ;环境与景观出版社 编 ;,朱一荣,,郝岩 译 | |
| 分册: | 水景·公共设施 | |
| 出版信息: | 北京 中国建筑工业出版社 2014.06 |
|
| 页数: | 197页 | |
| 开本: | 29cm | |
| 丛书名: | ||
| 单 册: | ||
| 中图分类: | TU986 | |
| 科图分类: | ||
| 主题词: | 景观生态建设--jing guan sheng tai jian she--建筑设计 | |
| 电子资源: | ||
| ISBN: | 978-7-112-16030-3 | |
| 000 | 01334nam 2200301 450 | |
| 001 | 0100138267 | |
| 005 | 20191101073232.94 | |
| 010 | @a978-7-112-16030-3@dCNY118.00 | |
| 100 | @a20140616d2014 em y0chiy50 ea | |
| 101 | 1 | @achi@ckor |
| 102 | @aCN@b110000 | |
| 105 | @aa z 000yy | |
| 200 | 1 | @a景观建筑生态设计与施工@Ajing guan jian zhu sheng tai she ji yu shi gong@i水景·公共设施@f(韩)环境与景观出版社编@F( han ) huan jing yu jing guan chu ban she bian@g田华, 朱一荣, 郝岩译@Gtian hua , zhu yi rong , hao yan yi@zeng |
| 210 | @a北京@c中国建筑工业出版社@d2014.06 | |
| 215 | @a197页@c彩图@d29cm | |
| 306 | @a由韩国环境与景观出版社授权出版 | |
| 330 | @a本书由水景和公共设施两部分组成。第一部分从水景在现代城市生活中的必要性出发, 介绍了水景的设计、施工与维护的全过程。第二部分内容包括: 城市场所中的休息设施 ; 休息设施的制作、施工和管理 ; 国际与韩国国内实例参照。 | |
| 540 | @a景观建筑生态设计与施工 | |
| 606 | 0 | @a景观生态建设@Ajing guan sheng tai jian she@x建筑设计 |
| 690 | @aTU986@v5 | |
| 702 | 0 | @a田华,@Atian hua@f1966-@4译 |
| 702 | 0 | @a朱一荣,@Azhu yi rong@f1977-@4译 |
| 702 | 0 | @a田华@Atian hua@4译 |
| 711 | 0 | @a环境与景观出版社@Ahuan jing yu jing guan chu ban she@4编 |
| 712 | @a,朱一荣,,郝岩@A, zhu yi rong ,, hao yan@4译 | |
| 801 | @aCN | |
| 901 | @a29 | |
| 905 | @a241430@b1110558@dTU986@eH784@f1 | |
| 景观建筑生态设计与施工.水景·公共设施/(韩)环境与景观出版社编/田华, 朱一荣, 郝岩译.-北京:中国建筑工业出版社,2014.06 |
| 197页:彩图;29cm |
| ISBN 978-7-112-16030-3:CNY118.00 |
| 本书由水景和公共设施两部分组成。第一部分从水景在现代城市生活中的必要性出发, 介绍了水景的设计、施工与维护的全过程。第二部分内容包括: 城市场所中的休息设施 ; 休息设施的制作、施工和管理 ; 国际与韩国国内实例参照。 |
| ● |
| 相关链接 |
|
|
|
正题名:景观建筑生态设计与施工
索取号:TU986/H784
 
预约/预借
| 序号 | 登录号 | 条形码 | 馆藏地/架位号 | 状态 | 备注 |
| 1 | 1110558 | 211105588 | 建筑库201/201建筑库 66排7列2层/ [索取号:TU986/H784] | 在馆 | |
| 2 | 1449593 | 214495937 | 建筑库201/201建筑库 66排7列2层/ [索取号:TU986/H784] | 在馆 | |
| 3 | 1449594 | 214495946 | 建筑库201/201建筑库 66排7列2层/ [索取号:TU986/H784] | 在馆 | |
| 4 | 1449595 | 214495955 | 建筑库201/201建筑库 66排7列2层/ [索取号:TU986/H784] | 在馆 | |
| 5 | 1449596 | 214495964 | 建筑库201/201建筑库 66排7列2层/ [索取号:TU986/H784] | 在馆 | |
| 6 | 1449597 | 214495973 | 建筑库201/201建筑库 66排7列2层/ [索取号:TU986/H784] | 在馆 |